Ako sa dá zarobiť na únii záväzky EÚ na programové obdobie 2007-2013 (v mil. eur)

Bibliographic Details
Main Author: Kuchta, Ľuboš (Author)
Format: Article
Language:Slovak
PhysicalDescription:Tab.
ISSN:1335-4701
Subjects:

MARC

LEADER 00000nab a2200000 a 4500
001 vtls009090595
003 SK-MaSNL
005 20260304035155.0
008 140301c20070326xo dr|p|||||||000 b|slo
015 |a SNBRB2007/08  |2 snkbucl 
038 |a SNKBUCL 
040 |a SNKBUCL  |b slo  |c SNKBUCL  |e AACR2 
041 0 |a slo 
044 |a xo  |c SK 
080 |a 339.96  |x (4)  |2 2001 
100 1 |a Kuchta, Ľuboš  |4 aut  |9 105603 
245 1 0 |a Ako sa dá zarobiť na únii  |b záväzky EÚ na programové obdobie 2007-2013 (v mil. eur)  |c Ľuboš Kuchta, rk 
300 |b Tab. 
610 2 7 |a Európska únia  |2 SNKKA  |9 29861 
650 0 7 |a fondy  |2 SNKPH  |9 306658 
773 0 |t Hospodárske noviny  |g Roč. XV., č. 60 (26.3.2007), s. 4  |x 1335-4701 
852 |a SNK  |b KIS3GCP 
999 |c 2656672  |d 2658602